6 beliebte Ouverturen für Pianoforte zu 2 Händen /

Hlavní autor: Suppé, Franz von, 1819-1895
Jazyk: Nelze použít, není lingvistický obsah
Vydáno: Wien : Universal-Edition, 1921
Edice: Universal-Edition
Fyzický popis: 13 s.
Hudebniny Hudebniny
Uloženo v:
LEADER 00772ncm a22002292a 4500
001 000172251
003 CZ BrMZK
005 20121009172347.0
007 qu
008 960101s1921 au f zxx d
040 |a BOA001  |b cze 
072 7 |a 786  |x Hudba pro klávesové nástroje  |2 Konspekt  |9 9 
100 1 |a Suppé, Franz von,  |d 1819-1895  |7 jn19990008364  |4 cmp 
245 1 0 |a 6 beliebte Ouverturen  |h [hudebnina] :  |b für Pianoforte zu 2 Händen /  |c Franz von Suppé 
260 |a Wien :  |b Universal-Edition,  |c 1921 
300 |a 13 s. 
490 1 |a Universal-Edition ;  |v Nr. 1169a 
830 0 |a Universal-Edition 
910 |a BOA001  |b Mus4-0569.654 
990 |a MU 
991 |b 201210 
996 6 |b 2619933539  |c Mus4-0569.654  |l MZK  |r Sklad / do 1 hodiny  |n 0  |w 000172251  |u 000010  |a 1  |e BOA001  |j MZK50  |s P